000 00872nam a22002177a 4500
999 _c20804
_d20804
003 AR-CdUCM
008 190606b ||||| |||| 00| 0 spa d
040 _aMUNICIPALIDAD PROVINCIAL DEL CUSCO
_cBIBLIOTECA MUNICIPAL DEL CUSCO
082 _a918.4 /
_bT73
100 _aTorres Lopez, Ciro
_943448
245 _aLas maravillosas tierras del Acre :
_bEn la floresta amazónica de Bolivia /
260 _aLa Paz :
_bDon Bosco,
_c1930.
300 _a747 páginas;
_bMapa de sur América 1929.
_c20 cm.
500 _aCarta dirigida al autor de parte del Sr. Presidente de la República de Bolivia H. Siles
505 _aContenido: Carta de S. E. el Sr. Presidente de la República de Bolivia -- El maleficio -- La ilustre Chuquisaca...
650 _aSur América
_917944
650 _aBolivia
_91138
650 _aAcre
_943449
942 _2ddc
_cLIBROS
945 _aJavier